000 00954nam a2200277Ia 4500
003 OSt
005 20221005061055.0
006 a|||||r|||| 00| 0
007 ta
008 221004b |||||||| |||| 00| 0 eng d
020 _a9780415384995 (pbk)
_c1968.17
024 _a86925
037 _b9137, 28/03/2007, Overseas Press
_cTextual
040 _aCRL
_cCRL
_beng
041 _2eng
_aeng
082 _aY:45:5(V1:19(zQ)), P6
100 _aKatona Peter Ed.
_9600186
245 0 _aCountering terrorism and WMD
_b creating a global counter - terrorism network
260 _aLondon
_bRoutledge UK
_c2006
300 _axxv, 300p.
_ccm.
650 _aSOCIOLOGY
700 _a Intriligator Michael D. Ed.
700 _a Sullivan John P. Ed.
_9600187
942 _hY:45:5(V1:19(zQ)), P6
_cTEXL
_2cc
999 _c967674
_d967674